<?xml version="1.0" encoding="UTF-8"?><?xml-stylesheet type="text/xsl" href="static/style.xsl"?><OAI-PMH xmlns="http://www.openarchives.org/OAI/2.0/" xmlns:xsi="http://www.w3.org/2001/XMLSchema-instance" xsi:schemaLocation="http://www.openarchives.org/OAI/2.0/ http://www.openarchives.org/OAI/2.0/OAI-PMH.xsd"><responseDate>2026-04-14T02:23:36Z</responseDate><request verb="GetRecord" identifier="oai:www.recercat.cat:2117/420759" metadataPrefix="marc">https://recercat.cat/oai/request</request><GetRecord><record><header><identifier>oai:recercat.cat:2117/420759</identifier><datestamp>2025-07-23T04:37:15Z</datestamp><setSpec>com_2072_1033</setSpec><setSpec>col_2072_452951</setSpec></header><metadata><record xmlns="http://www.loc.gov/MARC21/slim" xmlns:dcterms="http://purl.org/dc/terms/" xmlns:xsi="http://www.w3.org/2001/XMLSchema-instance" xmlns:doc="http://www.lyncode.com/xoai" xsi:schemaLocation="http://www.loc.gov/MARC21/slim http://www.loc.gov/standards/marcxml/schema/MARC21slim.xsd">
   <leader>00925njm 22002777a 4500</leader>
   <datafield ind2=" " ind1=" " tag="042">
      <subfield code="a">dc</subfield>
   </datafield>
   <datafield ind2=" " ind1=" " tag="720">
      <subfield code="a">Ballesteros Gómez, Marina</subfield>
      <subfield code="e">author</subfield>
   </datafield>
   <datafield ind2=" " ind1=" " tag="260">
      <subfield code="c">2024-10-07</subfield>
   </datafield>
   <datafield ind2=" " ind1=" " tag="520">
      <subfield code="a">En la emblemática fábrica La Escocesa de Poblenou se plantea una intervención que transforma la preexistencia para mejorar el complejo fabril, que data del siglo XIX. Actualmente, en la fábrica conviven artistas de numerosas disciplinas, haciendo uso de las instalaciones de maneras completamente diferentes a las que originalmente se plantearon para el emplazamiento, el cual fue, durante muchos años, una fábrica perteneciente al sector textil. Siendo parte de las Fábricas de Creación de Barcelona, la Escocesa se consolida como un hito cultural y artístico de Poblenou, protagonista de numerosas reivindicaciones sociales arropadas por el sentimiento de comunidad forjado por los usuarios y artistas a lo largo de las décadas.&#xd;
&#xd;
El proyecto recoge estas cuestiones preliminares y plantea un programa que unifica el uso de la Escocesa con su parcela colindante, donde se desarrolla una galería de arte que ensalza a la Escocesa como hito de la ciudad, pudiendo albergar las obras producidas tanto por los artistas residentes como por cualquier otro artista que forme parte de la red de Fábricas de Creación de Barcelona. El programa de la galería incluye también un bloque destinado a talleres y residencia temporal para artistas, continuando con la dinámica existente en el resto del conjunto. Respaldado por un concepto teórico ligado a la liminalidad y la búsqueda del significado del espacio expositivo, el proyecto busca generar nuevos espacios singulares que vayan de la mano con la presencia y pasado industrial de la Escocesa.</subfield>
   </datafield>
   <datafield tag="653" ind2=" " ind1=" ">
      <subfield code="a">Àrees temàtiques de la UPC::Arquitectura::Restauració arquitectònica</subfield>
   </datafield>
   <datafield tag="653" ind2=" " ind1=" ">
      <subfield code="a">Àrees temàtiques de la UPC::Arquitectura::Tipologies d'edificis</subfield>
   </datafield>
   <datafield tag="653" ind2=" " ind1=" ">
      <subfield code="a">Industrial buildings -- Remodeling for other use -- Spain -- Sant Martí (Barcelona)</subfield>
   </datafield>
   <datafield tag="653" ind2=" " ind1=" ">
      <subfield code="a">Art galleries, Commercial -- Spain -- Sant Martí (Barcelona)</subfield>
   </datafield>
   <datafield tag="653" ind2=" " ind1=" ">
      <subfield code="a">Galería de arte</subfield>
   </datafield>
   <datafield tag="653" ind2=" " ind1=" ">
      <subfield code="a">Poblenou</subfield>
   </datafield>
   <datafield tag="653" ind2=" " ind1=" ">
      <subfield code="a">Barcelona</subfield>
   </datafield>
   <datafield tag="653" ind2=" " ind1=" ">
      <subfield code="a">La Escocesa</subfield>
   </datafield>
   <datafield tag="653" ind2=" " ind1=" ">
      <subfield code="a">Edificis industrials -- Reconversió -- Catalunya -- Sant Martí (Barcelona)</subfield>
   </datafield>
   <datafield tag="653" ind2=" " ind1=" ">
      <subfield code="a">Galeríes d'art -- Catalunya -- Sant Martí (Barcelona)</subfield>
   </datafield>
   <datafield ind2="0" ind1="0" tag="245">
      <subfield code="a">La galería de los no-espacios: instalación artística en La Escocesa</subfield>
   </datafield>
   <datafield ind2="0" ind1="0" tag="245">
      <subfield code="a">La galería de los no-espacios: nueva galería de arte en el conjunto fabril de La Escocesa</subfield>
   </datafield>
</record></metadata></record></GetRecord></OAI-PMH>